000 00281nam a22001337a 4500
008 170428b xxu||||| |||| 00| 0 eng d
020 _a9781560067993
041 _aeng
080 _a347
100 _a13
101 _aSHJ
245 _aCIVIL RIGHT
_cGEORGE.C
942 _2udc
_cBK
999 _c12316
_d12316